| 000 | 00688nam a2200217 a 4500 | ||
|---|---|---|---|
| 001 | 000124757 | ||
| 003 | AM-YEHGA | ||
| 005 | 20250617122623.0 | ||
| 008 | 990714s1984 un ||||gr|||||||||0|rus|d | ||
| 040 | _aAM-YeHGA | ||
| 041 | 0 | _arus | |
| 100 | 1 | _aВоронова, Маргарита Артемьевна | |
| 245 | 1 | 0 |
_aМиоспоры раннего мела Украины / _cМ.А. Воронова. |
| 260 |
_aКиев : _bНаукова думка, _c1984. |
||
| 300 | _a117 с. | ||
| 550 | _aАН УССР. Ин-т геологических наук | ||
| 650 | 1 | 4 | _aПалеоботаника |
| 650 | 1 | 4 | _aПалинология |
| 942 |
_2udc _cBK |
||
| 090 | _c41898 | ||
| 999 |
_c41227 _d41227 |
||